| 000 | 00922cam a2200241 i 4500 | ||
|---|---|---|---|
| 999 |
_c12675 _d12675 |
||
| 003 | OSt | ||
| 005 | 20240711194039.0 | ||
| 008 | 210419s2022 maua b 000 0 eng | ||
| 020 |
_a9780262543514 _q(paperback) |
||
| 042 | _apcc | ||
| 082 | 0 | 0 |
_a728 _223 |
| 110 | 2 |
_aDogma (Architectural office), _eauthor. |
|
| 245 | 1 | 0 |
_aLiving and working / _cDogma. |
| 300 |
_a318 pages : _billustrations ; _c28 cm |
||
| 504 | _aIncludes bibliographical references. | ||
| 520 | _a"A catalogue of architectural projects and accompanying essays by the Brussels-based Dogma, all dealing with the idea of domestic space, but more radically a manifesto of sorts for a new, synthetic approach to living and working"-- | ||
| 610 | 2 | 0 | _aDogma (Architectural office) |
| 650 | 0 | _aDomestic space. | |
| 650 | 0 | _aWork environment. | |
| 700 | 1 |
_aAureli, Pier Vittorio, _eauthor. |
|
| 700 | 1 |
_aTattara, Martino, _d1976- _eauthor. |
|
| 942 | _2ddc | ||